Catálogo
 En Linea

La Pangea / (Registro nro. 51184)

Detalles MARC
000 -CABECERA
campo de control de longitud fija 00924nam a2200301 a 4500
003 - IDENTIFICADOR DEL NÚMERO DE CONTROL
campo de control DO-SdBNP
005 - FECHA Y HORA DE LA ÚLTIMA TRANSACCIÓN
campo de control 20240411095524.0
007 - CAMPO FIJO DE DESCRIPCIÓN FÍSICA--INFORMACIÓN GENERAL
campo de control de longitud fija ta
008 - DATOS DE LONGITUD FIJA--INFORMACIÓN GENERAL
campo de control de longitud fija 220118e2017 dr ||||er|||| 001 f spa d
020 ## - NÚMERO INTERNACIONAL ESTÁNDAR DEL LIBRO
Número Internacional Estándar del Libro 9789945597257
040 ## - FUENTE DE LA CATALOGACIÓN
Centro catalogador/agencia de origen DO-SdBNP
Lengua de catalogación spa
Centro/agencia transcriptor BNPHU
082 #4 - NÚMERO DE LA CLASIFICACIÓN DECIMAL DEWEY
Número de edición 22
Número de documento/Ítem P893p
100 1# - ENTRADA PRINCIPAL--NOMBRE DE PERSONA
Nombre de persona Pozo, Rafael Antonio
9 (RLIN) 80966
245 13 - MENCIÓN DE TÍTULO
Título La Pangea /
Mención de responsabilidad, etc. Rafael Antonio Pozo
246 ## - FORMA VARIANTE DE TÍTULO
Título propio/Titulo breve La sotana de Ana
260 ## - PUBLICACIÓN, DISTRIBUCIÓN, ETC.
Lugar de publicación, distribución, etc. Santo Domingo :
Nombre del editor, distribuidor, etc. Amigo del Hogar,
Fecha de publicación, distribución, etc. 2017
300 ## - DESCRIPCIÓN FÍSICA
Extensión 84 p. ;
Dimensiones 18 cm.
501 ## - NOTA DE "CON"
Nota de “Con” La Pagea / Rafael Antonio Pozo.
501 ## - NOTA DE "CON"
Nota de “Con” La sotana de Ana / Rafael Antonio Pozo.
505 0# - NOTA DE CONTENIDO CON FORMATO
Nota de contenido con formato La Pragea.
505 0# - NOTA DE CONTENIDO CON FORMATO
Nota de contenido con formato La Sotana de Ana.
590 ## - NOTA LOCAL (RLIN)
Nota local Inventariado 2022 / MF
650 #4 - PUNTO DE ACCESO ADICIONAL DE MATERIA--TÉRMINO DE MATERIA
9 (RLIN) 50038
Término de materia o nombre geográfico como elemento de entrada Novela de Ciencia Ficción
Subdivisión geográfica República Dominicana
650 #0 - PUNTO DE ACCESO ADICIONAL DE MATERIA--TÉRMINO DE MATERIA
Término de materia o nombre geográfico como elemento de entrada LITERATURA DOMINICANA
Subdivisión general Ciencia ficción
9 (RLIN) 78268
650 #0 - PUNTO DE ACCESO ADICIONAL DE MATERIA--TÉRMINO DE MATERIA
9 (RLIN) 23623
Término de materia o nombre geográfico como elemento de entrada Novela Dominicana
Subdivisión general Coleccines
910 ## - DATOS DE OPCIÓN DEL USUARIO (OCLC)
Datos de opción del usuario MFéliz
942 ## - ELEMENTOS DE PUNTO DE ACCESO ADICIONAL (KOHA)
Fuente del sistema de clasificación o colocación Dewey Decimal Classification
Tipo de ítem Koha Libro
Existencias
Estado de retiro Estado de pérdida Fuente del sistema de clasificación o colocación Restricciones de uso No para préstamo Código de colección Localización permanente Ubicación/localización actual Ubicación en estantería Fecha de adquisición Fuente de adquisición Total de préstamos Signatura topográfica completa Código de barras Fecha visto por última vez Precio válido a partir de Tipo de ítem Koha
    Dewey Decimal Classification Excluido de préstamo   Monografías: Libros y Folletos Biblioteca Nacional Pedro Henríquez Ureña Patrimonio Dominicano Depósito 06.12.2018 Donado por Nieves L. Emeterio   P893p 2022-0131 18.01.2022 18.01.2022 Libro

Con tecnología Koha